| 000 | 00359nam a2200145 a 4500 | ||
|---|---|---|---|
| 001 | 2881 | ||
| 003 | CDMR | ||
| 005 | 20130116135236.0 | ||
| 008 | 130130s2005||||||||||||||||||||||||||||d | ||
| 040 |
_aCDMR _bcat _cCDMR |
||
| 100 | 1 |
_aPessarrodona, Marta _92111 |
|
| 245 | 1 | 0 | _aMercè Rodoreda i el seu temps |
| 260 |
_aBarcelona _c2005 _bRosa dels Vents |
||
| 942 | _cMON | ||
| 999 |
_c2881 _d2881 |
||